000 00605nam a22002177a 4500
005 20230606150828.0
008 230606b ||||| |||| 00| 0 eng d
040 _cAL
041 _aEnglish
082 _223
_a650
_bILAB
100 _aD Ilangovan
_9120428
245 _aBusiness Environment and Entrepreneurship
260 _aMangalore
_bUnited Publishers
_c2012
300 _a217 p.
_bPB
_c21x13 cm.
365 _d₹120.00
650 _aBusiness Environment
_9120429
650 _aEntrepreneurship
_9120430
650 _aConsumerism
_9120431
700 _aILANGOVAN (D)
_9120432
942 _2ddc
_cDB
999 _c227420
_d227420